03880nam a2200433 i 4500001001000000003000900010005001700019007000300036008004100039040003000080041000800110082002500118100005300143245009700196264004200293300005400335336002700389337003300416338002800449500009600477500007400573504004000647505141800687590002802105600003702133651005902170651009602229651009102325651002402416651004202440910004102482942001402523952027202537952014702809952015302956952015903109952016503268999001303433000000653DO-SdBNP20260526142530.0ta090331s2006 dr ac 000 0 spa d aDO-SdBNPbspacBNPHUerda aspa 4a972.93697bM538m2221 aMéndez Jiminián, Jesús,eautor4aut.9218610aMartí por los caminos de La Vega Real :bpasión y gloria /cJesús Méndez Jiminián. 1aSanto Domingo :bPrográfica,c2006. a207 páginas :bilustraciones retratos ;c21 cm. atextobtxt2rdacontent asin mediaciónbn2rdamedia avolumenbnc2rdacarrier aPreparar un pueblo para defenderse, y para vivir con honor, es el mejor modo de defenderlo. aIncluye referencias bibliográficas y notas al pie de las páginas. aBibliografía : páginas 201-207.0 aDedicatoria --tAgradecimientos --tPrólogo --gCapítulo 1--tLa Vega de entonces (1850-1900) --gCapítulo 2--tApuntes sobre la economía de La Vega durante la segunda mitad del siglo XIX --gCapítulo 3--tVida cultural, religiosa, folklore, costumbres y leyendas veganas (1850-1900) --gCapítulo 4--tEscuelas, sociedades, gremios y otras instituciones en La Vega durante la segunda mitad del siglo XIX --gCapítulo 5--tLa presencia de Martí en La Vega Real --tMartí camino a La Vega Real --tCapítulo 6--tLa prensa vegana y los clubes revolucionarios en la República Dominicana: su papel en el proyecto martiano --tCapítulo 7--tLuperón y Heureaux: aportes a la causa cubana --gCapítulo 8--tMartí y Federico García Godoy. Crítica a Ramona, novela americana traducida por Martí --gCapítulo 9 --tMartí en el recuerdo de grandes veganos del siglo XIX -- Don Manuel Ubaldo Gómez y MoyagCapítulo 10--tEpistolario de José Eleuterio Hatton sobre la causa cubana desde Santo Domingo 1896--gCapítulo 11--tCuba y el General Weyler 1896--gCapítulo 12--tLa campaña de la reforma: la gran desgracia de Weyler en la guerra de independencia cubana--gCapítulo 13--tCirculares, órdenes y mandos del general Weyler en Cuba entre 1896 y 1897--gCapítulo 14--tLos Estados Unidos y el general Weyler en los tiempos de la guerra de independencia cubana 1897. aInventariado, 2024 / DG10aMartí, José,d1853-18959645 4a Concepción de la Vega (Republica Dominicana )92180 4aConcepción de la Vega (República Dominicana)xCondiciones económicasxHistoria92187 4aConcepción de la Vega (República Dominicana)xCondiciones socialesxHistoria92188 4aCubaxHistoria9493 4aRepública DominicanaxHistoria9170 aValidado. Control de calidad MMOLINA 2ddccLBS1 00102ddc56708DSaBNPHUbBNPHUcHDd2010-01-27eDonado por la Presidencia de la República Dominicana 2023.l0oBNPHU DS 972.93697 M538mp653-50r2020-06-25te. 5w2020-06-25yLBS1zPertenecio a la biblioteca personal de Emilio Cordero Michel.ZPréstamo en sala 00102ddc56708DSaBNPHUbBNPHUcHDd2009-08-25l0oBNPHU DS 972.93697 M538mp653-30r2020-06-25te. 3w2020-06-25yLBS1ZPréstamo interno 00102ddc51708PDaBNPHUbBNPHUcHDd2009-08-25eDepósito Legall0oBNPHU PD 972.93697 M538mp653-10r2020-06-25w2020-06-25yLBS1ZNo se presta 00102ddc51708PDaBNPHUbBNPHUcHDd2009-08-25eDepósito Legall0oBNPHU PD 972.93697 M538mp653-20r2020-06-25te. 2w2020-06-25yLBS1ZNo se presta 00102ddc56708DSaBNPHUbBNPHUcHDd2010-01-27eDonado por FUNDIl0oBNPHU DS 972.93697 M538mp653-40r2020-06-25te. 4w2020-06-25yLBS1ZPréstamo interno c650d650